[Event "TCh-ROM A"]
[Site "Tusnad ROM"]
[Date "2005.05.26"]
[Round "6"]
[White "Foisor,S"]
[Black "Istrati,I"]
[Result "1-0"]
[WhiteElo "2210"]
[BlackElo "2015"]

1.d4 Nf6 2.c4 Nc6 3.Nc3 e5 4.d5 Ne7 5.g3 Ng6 6.Bg2 Bc5 7.e3 d6 8.b4 Bb6 9.Bb2 O-O
10.Nge2 Bd7 11.O-O c6 12.dxc6 Bxc6 13.Qd3 Bxg2 14.Kxg2 a6 15.Rfd1 Bc7 16.a4 Qc8
17.h3 Ne7 18.Ba3 Ne8 19.b5 Qe6 20.Rab1 Rd8 21.Nd5 Nxd5 22.cxd5 Qg6 23.Qxg6 hxg6
24.b6 Bb8 25.Rbc1 f5 26.f3 Rf7 27.Rc4 Nf6 28.e4 Rfd7 29.Rdc1 Kf7 30.Kf2 fxe4
31.fxe4 g5 32.Ke3 Kg6 33.Rc8 Ne8 34.g4 Kh6 35.R1c2 g6 36.Bc1 Nf6 37.Kd3 Nh7
38.Ng1 Kg7 39.Nf3 Kf6 40.Be3 Ke7 41.Nxg5 Nf8 42.Nf3 Nh7 43.Bg5+ Nxg5 44.Nxg5 Rxc8
45.Rxc8 Rd8 46.Rxd8 Kxd8 47.a5 Ke7 48.h4 Kf6 49.Ne6 Ke7 50.h5  1-0

[Event "TCh-ROM A"]
[Site "Tusnad ROM"]
[Date "2005.05.28"]
[Round "8"]
[White "Nacu,M"]
[Black "Tomescu,V"]
[Result "0-1"]
[WhiteElo "2187"]
[BlackElo "2375"]

1.d4 Nf6 2.c4 Nc6 3.Nc3 e5 4.d5 Ne7 5.e4 Ng6 6.h4 h5 7.Bg5 Be7 8.g3 Nf8 9.Bh3 d6
10.Bxc8 Qxc8 11.f3 N8d7 12.Qe2 c6 13.O-O-O Qc7 14.Kb1 a6 15.f4 c5 16.Nf3 Ng4
17.Bxe7 Kxe7 18.fxe5 Ndxe5 19.Nxe5 Nxe5 20.Rhf1 g6 21.Qf2 Rhf8 22.Qf6+ Kd7
23.Qg7 Rae8 24.Rf6 Qd8 25.Rdf1 Qe7 26.R6f4 Rg8 27.Qf6 Nxc4 28.Kc1 Ne5 29.Kd2 b5
30.b3 Ra8 31.Nd1 c4 32.Qxe7+ Kxe7 33.bxc4 Nxc4+ 34.Kc3 Ne5 35.Ne3 b4+ 36.Kb3 Rgc8  0-1

[Event "TCh-ROM A"]
[Site "Tusnad ROM"]
[Date "2005.05.29"]
[Round "9"]
[White "Stan,D"]
[Black "Manolache,M"]
[Result "0-1"]
[WhiteElo "1970"]
[BlackElo "2468"]

1.d4 Nf6 2.c4 Nc6 3.Nc3 e5 4.d5 Ne7 5.e4 Ng6 6.f3 Bc5 7.Na4 Bd4 8.Ne2 c5
9.Nxd4 exd4 10.b3 O-O 11.Bd3 d6 12.O-O Re8 13.Qc2 Qe7 14.Bg5 h6 15.Bd2 Qe5
16.Rae1 Nh5 17.Nb2 Qf6 18.g3 Bh3 19.Rf2 Ne5 20.Bf1 Bxf1 21.Rexf1 Qg6 22.Nd3 Nxd3
23.Qxd3 Nf6 24.Re1 Re7 25.Rfe2 Rae8 26.Bf4 Nd7 27.Qc2 Qf6 28.Rf2 g5 29.Bc1 Ne5
30.Kg2 Qg6 31.g4 h5 32.h3 f6 33.Qd2 Rh7 34.Rh1 hxg4 35.hxg4 Nxg4 36.Rxh7 Ne3+
37.Kg1 Qxh7 38.Rh2 Qg6 39.Qd3 g4 40.Bxe3 gxf3+ 41.Kf2 dxe3+ 42.Kxf3 Kf7 43.Qxe3 f5
44.Rh4 Re5 45.Kf2 fxe4 46.Rf4+ Ke7 47.Qh3 e3+ 48.Kf3 e2 49.Qh4+ Kd7 50.Qe1 Qh5+
51.Kf2 Qh2+ 52.Kf3 Qh3+  0-1

[Event "ch-NOR"]
[Site "Sandnes NOR"]
[Date "2005.07.03"]
[Round "2"]
[White "Bjerke,S"]
[Black "Djurhuus,R"]
[Result "0-1"]
[WhiteElo "2137"]
[BlackElo "2461"]

1.d4 Nf6 2.c4 Nc6 3.Nf3 d6 4.Nc3 g6 5.e4 Bg7 6.Be2 O-O 7.O-O e5 8.dxe5 dxe5
9.Qxd8 Nxd8 10.Nxe5 Nxe4 11.Nxe4 Bxe5 12.Bf3 Ne6 13.Nc3 c6 14.Bh6 Rd8 15.Rad1 Nd4
16.Be4 Be6 17.f4 Bh8 18.c5 Nf5 19.Bxf5 Bxf5 20.Bg5 Bd4+ 21.Kh1 f6 22.Bh4 Kf7
23.Bf2 Bxf2 24.Rxd8 Rxd8 25.Rxf2 Rd4 26.h3 h5 27.b3 Rd3 28.Na4 Be4 29.Nb2 Rxh3+
30.Kg1 Re3 31.Nc4 Re1+ 32.Kh2 Ke6 33.Rd2 Bd5 34.Na5 Kf5 35.Nxb7 Kxf4 36.Nd6 f5
37.b4 Rc1 38.Nc8 Ke3 39.Rb2 g5 40.Nxa7 h4 41.b5 g4 42.b6 g3+ 43.Kh3 Rh1+  0-1

[Event "2nd S Wales Int"]
[Site "Caerleon WLS"]
[Date "2005.07.12"]
[Round "5"]
[White "Trevelyan,J"]
[Black "Gregory,S"]
[Result "1-0"]
[WhiteElo "2196"]
[BlackElo "2167"]

1.d4 Nf6 2.c4 Nc6 3.Nc3 d6 4.d5 Ne5 5.e4 e6 6.f4 Ng6 7.Bd3 exd5 8.cxd5 c6
9.Nf3 cxd5 10.exd5 Be7 11.O-O O-O 12.Nd4 Qb6 13.Bc2 Bd7 14.Kh1 Rfe8 15.Nf5 Bf8
16.b3 Rac8 17.Bb2 Rc7 18.Qd2 Ng4 19.Rf3 h5 20.h3 Nf6 21.Rg1 Bxf5 22.Bxf5 Nh4
23.Na4 Nxf3 24.gxf3 Qe3 25.Qxe3 Rxe3 26.Bxf6 b5 27.Bd8 Rb7 28.Nb2 g6 29.Be4 Bg7
30.Nd1 Re2 31.f5 Bd4 32.Rf1 gxf5 33.Bxf5 f6 34.Ba5 b4 35.Bc8 Rg7 36.Bxb4 Rgg2
37.Bxd6 Rxa2 38.Be6+ Kg7 39.Bf4 Be5 40.Ne3 Rge2 41.Rg1+ Kh7 42.Bxe5 fxe5
43.Nf1 Ra6 44.Bf5+ Kh6 45.Bd3  1-0

[Event "Politiken Cup"]
[Site "Copenhagen DEN"]
[Date "2005.07.19"]
[Round "5"]
[White "Joensson,K"]
[Black "Nielsen,Carl"]
[Result "1-0"]
[WhiteElo "2124"]
[BlackElo "1978"]

1.d4 Nf6 2.c4 Nc6 3.Nf3 e6 4.g3 Bb4+ 5.Bd2 Qe7 6.Bg2 O-O 7.O-O Bxd2 8.Nbxd2 d6
9.Rc1 e5 10.d5 Nb8 11.e4 Bg4 12.h3 Bxf3 13.Qxf3 a5 14.b3 Na6 15.a3 Ra7 16.Qe3 b6
17.f4 Nd7 18.Nf3 Raa8 19.Rc2 Rae8 20.Re2 f6 21.Qc3 Nac5 22.b4 axb4 23.axb4 Nb7
24.Ra1 Ra8 25.h4 Rfb8 26.Bh3 Nf8 27.Ne1 Qe8 28.Nd3 Ra4 29.fxe5 dxe5 30.c5 bxc5
31.bxc5 Rba8 32.Ree1 Qb5 33.Rab1 Qa6 34.d6 cxd6 35.Qb3+ Kh8 36.c6 Qa7+ 37.Qb6 Nc5
38.Nxc5 dxc5 39.c7 Rb4 40.Qxa7  1-0

[Event "Open A"]
[Site "Pardubice CZE"]
[Date "2005.07.22"]
[Round "1"]
[White "Skalski,M"]
[Black "Belostozkaja,J"]
[Result "1-0"]
[WhiteElo "2334"]
[BlackElo "2106"]

1.d4 Nf6 2.c4 Nc6 3.Nf3 g6 4.Nc3 Bg7 5.d5 Na5 6.e4 c5 7.Bd3 d6 8.h3 O-O 9.O-O Bd7
10.Re1 a6 11.e5 dxe5 12.Nxe5 Rc8 13.b3 Ne8 14.Bd2 Nd6 15.Nxd7 Qxd7 16.Qe2 Rfe8
17.Rac1 b6 18.Qf3 Nab7 19.h4 b5 20.h5 b4 21.Ne2 Rf8 22.Ng3 Ne8 23.Bb1 Nf6
24.Re2 Nd6 25.Rce1 Rfe8 26.Bg5 Rc7 27.Bf4 Rcc8 28.hxg6 hxg6 29.Bg5 Rc7 30.Nf1 Kf8
31.Nh2 Kg8 32.Qg3 Ra7 33.Nf3 Kf8 34.Ne5 Qc8 35.Nc6 Nf5 36.Bxf5  1-0

[Event "Open A"]
[Site "Pardubice CZE"]
[Date "2005.07.29"]
[Round "8"]
[White "Kharitonov,Alexandr"]
[Black "Henrichs,T"]
[Result "1/2-1/2"]
[WhiteElo "2519"]
[BlackElo "2413"]

1.d4 Nf6 2.c4 Nc6 3.Nf3 e6 4.Nc3 Bb4 5.Qc2 d6 6.Bd2 O-O 7.a3 Bxc3 8.Bxc3 Re8
9.Rd1 Qe7 10.e3 e5 11.d5 Nb8 12.Be2 Bg4 13.e4 a5 14.b4 axb4 15.axb4 Nh5 16.Ng1 Qg5
17.Bxg4 Qxg4 18.f3 Qg5 19.Qd2 Qh4+ 20.Qf2 Qxf2+ 21.Kxf2 Nd7 22.Ne2 Ra2 23.Ra1 Rea8
24.Rxa2 Rxa2 25.Ra1 Rxa1 26.Bxa1 Kf8 27.Ke3 Ke7 28.Kd3 g6 29.g3 f5 30.Bc3 fxe4+
31.fxe4 Ndf6 32.h3 g5 33.Bd2 g4  1/2-1/2

[Event "International"]
[Site "Guelph CAN"]
[Date "2005.07.30"]
[Round "5"]
[White "Matveeva,S"]
[Black "Stevens,C CAN"]
[Result "1-0"]
[WhiteElo "2419"]
[BlackElo "2319"]

1.d4 Nf6 2.c4 Nc6 3.Nf3 e6 4.Bg5 Bb4+ 5.Nc3 h6 6.Bd2 d6 7.Qc2 O-O 8.a3 Bxc3
9.Bxc3 Re8 10.O-O-O Qe7 11.h3 e5 12.dxe5 dxe5 13.e3 a5 14.Be2 a4 15.g4 Nd7
16.g5 hxg5 17.Rdg1 f6 18.h4 g4 19.Rxg4 Nc5 20.Rg2 Nb3+ 21.Kb1 Ncd4 22.exd4 exd4
23.Bxd4 Qxe2 24.Rxg7+ Kxg7 25.Rg1+ Bg4 26.Rxg4+ Kf8 27.Rg8+ Kf7 28.Ng5+ fxg5
29.Rg7+  1-0

[Event "15th ETC"]
[Site "Gothenburg SWE"]
[Date "2005.08.05"]
[Round "7"]
[White "Muir,A"]
[Black "Klerides,P"]
[Result "1-0"]
[WhiteElo "2322"]
[BlackElo "2224"]

1.d4 Nf6 2.c4 Nc6 3.Nf3 e6 4.Nc3 Bb4 5.Qc2 d6 6.a3 Bxc3+ 7.Qxc3 h6 8.b4 O-O
9.Bb2 Ne4 10.Qc2 f5 11.e3 Bd7 12.Bd3 Ng5 13.Nxg5 Qxg5 14.f4 Qh4+ 15.g3 Qe7
16.Kf2 Rae8 17.Rhe1 Qf7 18.Kg1 Kh8 19.e4 d5 20.exd5 exd5 21.cxd5 Qxd5 22.Bc4 Qf3
23.d5 Ne7 24.Qd2 Ng8 25.Qd4 Nf6 26.Qxa7 Ng4 27.Qd4 Rg8 28.Rxe8 Bxe8 29.Re1 Bd7
30.Re7 c6 31.Rxg7 Qe3+ 32.Qxe3 Nxe3 33.Rxd7+  1-0

[Event "HZ Open"]
[Site "Vlissingen NED"]
[Date "2005.08.08"]
[Round "3"]
[White "Floor,D"]
[Black "Henrichs,T"]
[Result "0-1"]
[WhiteElo "2214"]
[BlackElo "2413"]

1.d4 Nf6 2.c4 Nc6 3.Nf3 e6 4.a3 d5 5.Bg5 Be7 6.Nc3 Ne4 7.Bxe7 Nxe7 8.e3 Nxc3
9.bxc3 c5 10.Bd3 Qa5 11.O-O dxc4 12.Bxc4 O-O 13.Qd3 Ng6 14.h4 cxd4 15.cxd4 Bd7
16.d5 exd5 17.Qxd5 Qa4 18.Bb3 Bc6 19.Bxa4 Bxd5 20.h5 Ne7 21.Rac1 Rac8 22.Bd7 Rxc1
23.Rxc1 Bxf3 24.gxf3 Rb8 25.e4 b5 26.Kf1 Rb7 27.Rd1 h6 28.Rd4 a5 29.Ke2 b4
30.a4 b3 31.Bb5 Nc6 32.Rd1 b2 33.Ke3 Na7 34.Bd3 Rb3 35.Rb1 Nc6 36.Kd2 Ne5
37.Be2 Nxf3+ 38.Kd1 Nd4 39.Bc4 Rc3 40.Bd5 Rc2 41.f4 Rg2 42.Ba2 Nf3 43.e5 Rd2+  0-1

[Event "2nd Open Fincas Mediterranea"]
[Site "Castelldefels ESP"]
[Date "2005.08.19"]
[Round "3"]
[White "Gonzalez Valenzuela,D"]
[Black "Sulava,N"]
[Result "0-1"]
[WhiteElo "2112"]
[BlackElo "2485"]

1.d4 Nf6 2.c4 Nc6 3.Nc3 e5 4.d5 Ne7 5.e4 Ng6 6.Bd3 Bc5 7.Qe2 d6 8.Bg5 Nf4
9.Bxf4 exf4 10.O-O-O Ng4 11.Rf1 Ne5 12.Qd2 Qf6 13.Nf3 Nxf3 14.gxf3 Bd4 15.Nb5 Bb6
16.c5 dxc5 17.e5 Qh6 18.Re1 Bh3 19.Be4 O-O-O 20.Qc2 Rhe8 21.d6 c6 22.Nxa7+ Bxa7
23.Qa4 Kb8 24.Bxc6 bxc6 25.Qxc6 Bd7 26.Qc7+ Ka8 27.Re4 Qe6 28.Kb1 Rb8 29.Qa5 Rb5
30.Qa3 Reb8 31.Re2 Qc4 32.Rd2 Bf5+  0-1

[Event "13th Open"]
[Site "Nikaia GRE"]
[Date "2005.08.25"]
[Round "4"]
[White "Nikolaidis,I"]
[Black "Mihailidis,A"]
[Result "1-0"]
[WhiteElo "2522"]
[BlackElo "2250"]

1.d4 Nf6 2.c4 Nc6 3.Nf3 e6 4.a3 d5 5.Nc3 Bd6 6.Bg5 dxc4 7.e4 e5 8.dxe5 Nxe5
9.Nxe5 Bxe5 10.Qxd8+ Kxd8 11.O-O-O+ Ke8 12.Bxc4 Be6 13.Bxe6 fxe6 14.f3 h6
15.Be3 Bxc3 16.bxc3 e5 17.Kc2 b6 18.a4 Ke7 19.a5 Rhd8 20.Ra1 Kd7 21.Rhb1 Ne8
22.Rb5 Ke6 23.f4 exf4 24.Bxf4 Nd6 25.Re5+ Kd7 26.Rd1 Rf8 27.Bg3 Kc6 28.Re7 Rae8
29.Rxg7 bxa5 30.Rxc7+ Kxc7 31.Bxd6+ Kc6 32.Bxf8 Rxf8 33.Rd5 a4 34.Rf5 Re8
35.Kd3 Rd8+ 36.Rd5 a3 37.Kc4 a2 38.Ra5 Rd2 39.Kb3 Rxg2 40.Rxa2 Rg4 41.Rxa7 Kb6
42.Rf7 Rh4 43.Rf2  1-0

[Event "Premiership International"]
[Site "Coulsdon ENG"]
[Date "2005.09.02"]
[Round "8"]
[White "Buckley,G"]
[Black "Bigg,A"]
[Result "1-0"]
[WhiteElo "2391"]
[BlackElo "2277"]

1.d4 Nf6 2.c4 Nc6 3.Nf3 e6 4.a3 d6 5.Nc3 g6 6.e4 Bg7 7.Be2 O-O 8.Be3 Re8
9.O-O e5 10.dxe5 Nxe5 11.Nxe5 Rxe5 12.f3 a6 13.Qd2 Bd7 14.Rfd1 Re8 15.c5 dxc5
16.Bg5 h6 17.Bxh6 Bxh6 18.Qxh6 Qe7 19.Bd3 c4 20.Bc2 Qc5+ 21.Kh1 Re5 22.Qd2 Kg7
23.Qd4 Rh8 24.Qxc5 Rxc5 25.Kg1 Rch5 26.Kf2 Be6 27.h3 b5 28.Rd2 a5 29.Ne2 Rb8
30.Rad1 b4 31.Rd8 Rxd8 32.Rxd8 c3 33.axb4 cxb2 34.bxa5 Rc5 35.Bd3 Bc4 36.Bb1 Rxa5
37.Rb8 Rb5 38.Rxb5 Bxb5 39.Nc3 Ba6 40.Na4 Nh5 41.h4 Kf6 42.Nxb2 Ke5 43.Ke3 f6
44.Bd3 Bc8 45.g4 Ng7 46.f4+ Kd6 47.f5 gxf5 48.exf5 Kc5 49.h5 Ne8 50.Nc4  1-0

[Event "Geller mem Open A"]
[Site "Odessa UKR"]
[Date "2005.09.17"]
[Round "3"]
[White "Baranov,J"]
[Black "Gubanov,O"]
[Result "0-1"]
[WhiteElo "2268"]
[BlackElo "2393"]

1.d4 Nf6 2.c4 Nc6 3.Nf3 e6 4.Nc3 Bb4 5.Qc2 O-O 6.a3 Bxc3+ 7.Qxc3 Ne4 8.Qc2 f5
9.e3 a5 10.b3 d5 11.Be2 Kh8 12.O-O Qf6 13.Bb2 Bd7 14.Ne5 Rad8 15.f3 Ng5 16.e4 dxe4
17.h4 Nf7 18.Nxc6 bxc6 19.fxe4 Qxh4 20.exf5 exf5 21.Qc3 Nd6 22.Bd3 f4 23.d5 Rf7
24.Rae1 Rdf8 25.c5 Ne8 26.Be4 Nf6 27.dxc6 Nxe4 28.Rxe4 Bxc6 29.Rexf4 Qg5
30.g4 Rxf4  0-1

[Event "Bygger'n Masters"]
[Site "Gausdal NOR"]
[Date "2005.10.03"]
[Round "3"]
[White "Thomassen,J"]
[Black "Pettersen,JG"]
[Result "1/2-1/2"]
[WhiteElo "1963"]
[BlackElo "2050"]

1.d4 Nf6 2.c4 Nc6 3.Nf3 e6 4.Nc3 Bb4 5.Qc2 O-O 6.Bg5 d6 7.Rd1 Qe7 8.e4 Bxc3+
9.bxc3 e5 10.d5 Nb8 11.Be2 Nbd7 12.Nh4 Nc5 13.Nf5 Bxf5 14.exf5 e4 15.O-O  1/2-1/2

[Event "5th ch-Asian"]
[Site "Hyderabad IND"]
[Date "2005.10.10"]
[Round "5"]
[White "Abdulla,AlR"]
[Black "Sengupta,D"]
[Result "1-0"]
[WhiteElo "2466"]
[BlackElo "2400"]

1.d4 Nf6 2.c4 Nc6 3.Nf3 e6 4.a3 d6 5.e3 g6 6.b4 Bg7 7.Bb2 O-O 8.Nbd2 Nd7
9.Be2 f5 10.Qc2 e5 11.b5 Ncb8 12.dxe5 dxe5 13.c5 c6 14.a4 Qe7 15.Rc1 e4 16.Nd4 Ne5
17.O-O Kh8 18.Nc4 Nbd7 19.Nd6 Nf6 20.Qb3 a6 21.Nxc8 Rfxc8 22.Ne6 Ned7 23.bxa6 bxa6
24.Bc4 Rcb8 25.Qc3 a5 26.Rfd1 Rxb2 27.Qxb2 Rb8 28.Qxb8+ Nxb8 29.Rd8+ Ne8
30.Rxb8 Be5 31.Rd8 Bc7 32.Ra8 Be5 33.Rd1 h5 34.Rxe8+  1-0

[Event "5th ch-Asian"]
[Site "Hyderabad IND"]
[Date "2005.10.14"]
[Round "8"]
[White "Lukey,S"]
[Black "Satyapragyan,S"]
[Result "0-1"]
[WhiteElo "2286"]
[BlackElo "2411"]

1.d4 Nf6 2.c4 Nc6 3.Nf3 e6 4.g3 Bb4+ 5.Bd2 Qe7 6.Bg2 Bxd2+ 7.Nbxd2 d6 8.O-O e5
9.d5 Nb8 10.e4 O-O 11.Ne1 a5 12.Nd3 Na6 13.a3 c6 14.Rc1 Bg4 15.f3 Bd7 16.f4 exf4
17.gxf4 cxd5 18.cxd5 Bb5 19.Qb3 Bxd3 20.Qxd3 Nd7 21.Rc3 a4 22.Qd4 Rae8 23.Qxa4 f5
24.exf5 Nac5 25.Qd4 b5 26.b4 Na4 27.Rc7 Nab6 28.Ne4 Rxf5 29.Bh3 Rxd5 30.Qf2 Qxe4
31.Bxd7 Nxd7 32.Rxd7 Rd3 33.f5 Qg4+ 34.Qg2 Qxg2+ 35.Kxg2 Re2+ 36.Rf2 Rxf2+
37.Kxf2 Rxa3 38.Rb7 Rb3 39.Rxb5 Kf7 40.Rd5 Rxb4 41.Rxd6 Rf4+ 42.Kg3 Rxf5
43.h3 Rf6 44.Rd4 h5 45.Ra4 g5 46.Ra7+ Kg6 47.Ra4 Rb6 48.Ra3 h4+ 49.Kf3 Rb2
50.Ke4 Re2+ 51.Kf3 Rh2 52.Ke4 Kh5 53.Rb3 Rg2 54.Ra3 Rf2 55.Rb3 Rf6 56.Ra3 Kg6
57.Rb3 g4 58.hxg4 Kg5 59.Ke5 Rf1 60.Rb8 Re1+ 61.Kd4 h3 62.Rh8 Kxg4 63.Kd3 Re5
64.Ra8 h2 65.Ra1 Kf3 66.Kd4 Rg5  0-1

[Event "SCG First League w"]
[Site "Vrnjacka Banja SCG"]
[Date "2005.10.22"]
[Round "6"]
[White "Foisor,C"]
[Black "Maksimovic,S"]
[Result "1/2-1/2"]
[WhiteElo "2409"]
[BlackElo "2267"]

1.d4 Nf6 2.c4 Nc6 3.d5 Ne5 4.Nc3 e6 5.e3 Bb4 6.Bd2 O-O 7.a3 Bxc3 8.Bxc3 d6
9.Nf3 Ned7 10.dxe6 fxe6 11.Ng5 Qe7 12.Qc2 h6 13.h4 e5 14.Bd3 Nc5 15.Bh7+ Kh8
16.f3 Bd7 17.b4 Nb3 18.Ra2 a5 19.Bg6 axb4 20.axb4 Nd4 21.exd4 exd4+ 22.Kd1 Rxa2
23.Qxa2 dxc3 24.Re1 Qd8 25.Nf7+ Rxf7 26.Bxf7 Bf5 27.g4 Qf8 28.gxf5 Qxf7 29.Qb3 b5
30.Qxc3 bxc4 31.Re6 Nd5 32.Qe1 Qxf5 33.Re8+ Kh7 34.Kc1 Nf6 35.Re3 Qf4 36.Kb2 d5
37.Rc3 Qd6 38.Rc2 Qf4 39.Rc3 Qd6 40.Rc2 Nd7 41.Re2 Nf6  1/2-1/2

[Event "9th Bavarian Open"]
[Site "Bad Wiessee GER"]
[Date "2005.10.29"]
[Round "1"]
[White "Hefter,F"]
[Black "Brener,I"]
[Result "0-1"]
[WhiteElo "2015"]
[BlackElo "2334"]

1.d4 Nf6 2.c4 Nc6 3.Nc3 e5 4.d5 Ne7 5.e4 Ng6 6.Bd3 Bb4 7.Ne2 O-O 8.f3 Nh5
9.Be3 Nhf4 10.Nxf4 Bxc3+ 11.bxc3 exf4 12.Bf2 d6 13.O-O b6 14.Bd4 Bd7 15.Rf2 Qg5
16.Bf1 Rae8 17.a4 a5 18.Rb2 Re7 19.Kh1 Rfe8 20.Bg1 f5 21.Bd3 Nh4 22.Qf1 fxe4
23.Bxe4 Bf5 24.Re2 Bxe4 25.Rxe4 Rxe4 26.fxe4 Rxe4 27.Re1 Rxe1  0-1

[Event "Essent Open"]
[Site "Hoogeveen NED"]
[Date "2005.10.29"]
[Round "9"]
[White "Clemens,A"]
[Black "Sareen,V"]
[Result "1/2-1/2"]
[WhiteElo "2272"]
[BlackElo "2375"]

1.d4 Nf6 2.c4 Nc6 3.Nf3 e6 4.Nc3 Bb4 5.Qc2 d6 6.Bd2 O-O 7.a3 Bxc3 8.Bxc3 Qe7
9.e3 e5 10.dxe5 Nxe5 11.Nxe5 dxe5 12.Be2 g6 13.b4 Bf5 14.Qb2 Rfe8 15.f3 Rad8
16.O-O Bd3 17.Rad1 Bxe2 18.Qxe2 Nh5 19.Rxd8 Rxd8 20.Rd1 f6 21.Rd3 Ng7 22.Qd2 Ne6
23.Rxd8+ Qxd8 24.Qxd8+ Nxd8 25.f4 Nf7 26.Kf1 Nd6 27.c5 Nc4 28.Ke2 Nxa3 29.fxe5 Nb5
30.Bb2 fxe5 31.Bxe5 Kf7 32.e4 Ke6 33.Bb2 c6 34.Kf3 Nc7 35.Kg4 Kf7 36.Kg5 Ne6+
37.Kh6 Kg8 38.h4 b6 39.cxb6 axb6 40.h5 gxh5 41.Kxh5 c5 42.bxc5 Nxc5 43.Bd4 Nxe4  1/2-1/2

[Event "ch-CRO"]
[Site "Vukovar CRO"]
[Date "2005.11.09"]
[Round "3"]
[White "Cebalo,M"]
[Black "Sulava,N"]
[Result "0-1"]
[WhiteElo "2512"]
[BlackElo "2493"]

1.c4 Nf6 2.d4 Nc6 3.Nf3 e6 4.a3 d6 5.Nc3 g6 6.e4 Bg7 7.Be2 O-O 8.Be3 Re8
9.O-O e5 10.dxe5 dxe5 11.h3 Nd7 12.c5 Nf8 13.Bb5 Bd7 14.Qa4 Ne6 15.Rad1 Ned4
16.Nxd4 exd4 17.Bxd4 Bxh3 18.Bxc6 Qg5 19.e5 bxc6 20.Qxc6 Bg4 21.Ne4 Qf4 22.f3 Be6
23.Nf6+ Bxf6 24.exf6 Bc4 25.Rf2 Rad8 26.Qa4 Be2 27.Ra1 Qxd4 28.Qxa7 Qxb2
29.Re1 Qd2 30.Rb1 Qd3 31.Re1 Qd4 32.Qxc7 Bb5 33.Rb1 Qxf6 34.Qb6 Bc6 35.a4 Kg7
36.a5 Rb8 37.Qxb8 Rxb8 38.Rxb8 Qa1+ 39.Rf1 Qxa5 40.Rc1 Qd2  0-1

[Event "55th ch-GRE"]
[Site "Kalamata GRE"]
[Date "2005.11.23"]
[Round "8"]
[White "Banikas,H"]
[Black "Kotrotsos,V"]
[Result "1/2-1/2"]
[WhiteElo "2566"]
[BlackElo "2339"]

1.d4 Nf6 2.c4 Nc6 3.Nf3 e6 4.a3 d6 5.Nc3 g6 6.e4 Bg7 7.Be2 O-O 8.O-O Re8
9.Be3 e5 10.dxe5 dxe5 11.Qxd8 Nxd8 12.Nb5 Ne6 13.Ng5 Re7 14.Rfd1 c6 15.Nxe6 Bxe6
16.Nc3 Rd7 17.f3 Bf8 18.Kf2 Rxd1 19.Rxd1 Nd7 20.g3 f6 21.h4 Nb6 22.c5 Nd7
23.b4 Rd8 24.Rd2 Kf7 25.g4 h6 26.Na4 Ke8 27.Nb2 Nb8 28.g5 fxg5 29.hxg5 h5
30.Nc4 Rxd2 31.Bxd2 Bxc4 32.Bxc4 Be7 33.Kg3 Bd8 34.f4 exf4+ 35.Bxf4 Nd7 36.Be6 a5
37.Kh4 axb4 38.axb4 b6 39.cxb6 Bxb6 40.Bb3 Bf2+ 41.Kh3 Ke7 42.Ba4  1/2-1/2

[Event "5th Amplico AIG Life"]
[Site "Warsaw POL"]
[Date "2005.12.17"]
[Round "5"]
[White "Grabarczyk,M"]
[Black "Kuraszkiewicz,M"]
[Result "1-0"]
[WhiteElo "2484"]
[BlackElo "2317"]

1.d4 Nf6 2.c4 Nc6 3.Nf3 e6 4.Nc3 Bb4 5.Bd2 O-O 6.g3 d6 7.Bg2 Bxc3 8.Bxc3 Ne4
9.Qc2 Nxc3 10.Qxc3 Qe7 11.O-O e5 12.d5 Nd8 13.b4 Bg4 14.c5 f5 15.Rac1 Nf7
16.Rfe1 Bxf3 17.exf3 Rab8 18.f4 g5 19.fxe5 dxe5 20.Qc2 Qf6 21.Rcd1 e4 22.f3 exf3
23.Re6 Qg7 24.Bxf3 g4 25.Bg2 Ng5 26.Ree1 f4 27.gxf4 Rxf4 28.Kh1 Rbf8 29.d6 cxd6
30.cxd6 Nf3 31.Bxf3 gxf3 32.Rg1  1-0

[Event "8th Open ch-Bajmok"]
[Site "Bajmok SCG"]
[Date "2006.01.04"]
[Round "8"]
[White "Trbovic,B"]
[Black "Horvat,St"]
[Result "1/2-1/2"]
[WhiteElo "2039"]
[BlackElo "2070"]

1.d4 Nf6 2.c4 Nc6 3.Nc3 d5 4.cxd5 Nxd5 5.e3 e5 6.Bb5 Nxc3 7.bxc3 Qd5 8.Bf1 exd4
9.cxd4 Bf5 10.a3 Be7 11.Bd2 O-O 12.Nf3 Na5 13.Qa4 b6 14.Be2 Bd7 15.Qc2 Nb3
16.Rb1 Nxd2 17.Nxd2 Qa5 18.O-O Qxa3  1/2-1/2

[Event "Classic"]
[Site "Queenstown NZL"]
[Date "2006.01.18"]
[Round "4"]
[White "Johnson,Q"]
[Black "Selnes,H"]
[Result "1/2-1/2"]
[WhiteElo "2153"]
[BlackElo "1953"]

1.d4 Nf6 2.c4 Nc6 3.Nf3 e6 4.g3 Bb4+ 5.Nbd2 Ne4 6.Bg2 O-O 7.O-O Nxd2 8.Bxd2 Bxd2
9.Qxd2 d6 10.Rfd1 Qe7 11.b4 e5 12.d5 Nb8 13.Rac1 Bg4 14.Ne1 Nd7 15.f3 Bf5
16.e4 Bg6 17.Bh3 b6 18.Qc2 a5 19.c5 axb4 20.cxd6 cxd6 21.Qc7 f5 22.Rc6 Rxa2
23.Rxd6 Qg5 24.Rxd7 Qe3+ 25.Kh1 Qe2 26.Rxg7+ Kh8 27.Rxh7+ Bxh7 28.Qxe5+ Kg8
29.Qe6+ Kh8 30.Qe5+ Kg8 31.Qe6+  1/2-1/2

[Event "Classic"]
[Site "Queenstown NZL"]
[Date "2006.01.19"]
[Round "5"]
[White "Thornton,G"]
[Black "Forster,W"]
[Result "0-1"]
[WhiteElo "2081"]
[BlackElo "1957"]

1.d4 Nf6 2.c4 Nc6 3.Nc3 e5 4.d5 Ne7 5.e4 Ng6 6.Bd3 Bc5 7.Nge2 Ng4 8.Be3 Bxe3
9.fxe3 Nxe3 10.Qd2 Nh4 11.Rg1 Nhxg2+ 12.Rxg2 Nxg2+ 13.Kd1 d6 14.Kc2 Nh4 15.Qe3 Bd7
16.Rc1 O-O 17.Rg1 f5 18.exf5 Nxf5 19.Bxf5 Bxf5+ 20.Kb3 c6 21.Qg3 Rf7 22.a3 Qb6+
23.Ka2 Re8 24.Nd1 Kh8 25.Ne3 Bg6 26.h4 Qc7 27.Nc3 Ref8 28.Qg4 Qd7 29.Qe2 Rf2
30.Qd1 Qh3 31.Re1 c5 32.Qa4 a6 33.Qb3 Qd7 34.h5 Bxh5 35.Ne4 Re2 36.Rh1 Rf3
37.Qb6 Rexe3 38.Ng5 Bg6 39.Qa7 Rf8 40.Ne6 Ref3 41.Qb6 R3f6 42.Nxf8 Rxf8 43.Qa7 Qc7
44.Rf1 Kg8 45.Re1 Bd3 46.Kb3 h5  0-1

[Event "14th FAJR Open"]
[Site "Tehran IRI"]
[Date "2006.01.25"]
[Round "2"]
[White "Abbasov,F"]
[Black "Kanan Azer,N"]
[Result "1-0"]
[WhiteElo "2462"]
[BlackElo "2141"]

1.d4 Nf6 2.c4 Nc6 3.Nf3 e6 4.a3 a5 5.Nc3 d6 6.e4 Be7 7.Be2 O-O 8.O-O Re8
9.Re1 e5 10.d5 Nb8 11.Rb1 Nbd7 12.b4 b6 13.Nd2 axb4 14.axb4 Rf8 15.Nb3 Ne8
16.Bd3 Bg5 17.Bb2 g6 18.Qc2 Ng7 19.Ra1 Rb8 20.Nb5 f5 21.Na7 Bb7 22.exf5 gxf5
23.Nc6 Qe8 24.Nxb8 Qxb8 25.f3 h5 26.Rad1 Qa8 27.c5 bxc5 28.bxc5 Ba6 29.cxd6 Bxd3
30.Rxd3 cxd6 31.Ra1 Qb8 32.Rc3 Bd8 33.Kh1 Bb6 34.Rc6 Nf6 35.Ba3 Re8 36.Rc8 Qb7
37.Qc6  1-0

[Event "3rd ch-Mediterranean"]
[Site "Antalya TUR"]
[Date "2006.02.05"]
[Round "7"]
[White "Atalik,E"]
[Black "Simeonidis,I"]
[Result "1/2-1/2"]
[WhiteElo "2399"]
[BlackElo "2261"]

1.d4 Nf6 2.c4 Nc6 3.Nf3 d6 4.Nc3 e5 5.dxe5 Nxe5 6.Nxe5 dxe5 7.Qxd8+ Kxd8
8.b3 c6 9.Bb2 Bf5 10.O-O-O+ Kc7 11.h3 h5 12.e3 Be7 13.Be2 Rad8 14.Na4 Nd7
15.g4 hxg4 16.hxg4 Be6 17.Nc3 Nc5 18.Rxh8 Rxh8 19.f4 exf4 20.exf4 a5 21.f5 Bc8
22.Na4 f6 23.Nxc5 Bxc5 24.Bc3 Rh2 25.Bd3 b6 26.Bd2 Ba3+ 27.Kb1 Bd6 28.c5 Be5
29.cxb6+ Kxb6 30.Be3+ c5 31.Bc2 Re2 32.Bc1 Bb7 33.g5 Bd4 34.gxf6 gxf6 35.Rd2 Re1
36.Rd1 Re2 37.Rd2 Re1 38.Rd1 Re2 39.Rd2 Re1 40.Rd1  1/2-1/2

[Event "FSIMB February"]
[Site "Budapest HUN"]
[Date "2006.02.08"]
[Round "5"]
[White "Voiteanu,G"]
[Black "Toth,E"]
[Result "0-1"]
[WhiteElo "2268"]
[BlackElo "2317"]

1.d4 Nf6 2.c4 Nc6 3.Nf3 e6 4.g3 Bb4+ 5.Bd2 Qe7 6.Bg2 Bxd2+ 7.Nbxd2 O-O 8.O-O a5
9.Rc1 d6 10.e4 e5 11.d5 Nb8 12.Ne1 c6 13.c5 b5 14.cxb6 cxd5 15.Rc7 Bd7 16.exd5 Na6
17.Rc6 Nb4 18.Nc4 Bxc6 19.dxc6 d5 20.c7 Ra6 21.Qe2 Qc5 22.Qxe5 Nd7 23.Qd6 Qxc4
24.Qxd7 Rxb6 25.a3 Na6 26.Bxd5 Qxc7 27.Qf5 Rf6 28.Qb1 Qe5 29.Bg2 Rb8 30.Qd3 Qxb2
31.Nf3 Qb3 32.Qd4 Rxf3 33.Re1 h6 34.Bxf3 Qxf3 35.Rc1 Qxa3 36.Ra1 Qf3 37.Qe5 a4
38.Qa5 Rb2 39.Rf1 Qc6 40.Rd1 Qc2 41.Rf1 Nc5 42.Qa7 Ne4  0-1

[Event "Bundesliga 2005-6"]
[Site "Koelln GER"]
[Date "2006.02.18"]
[Round "10"]
[White "Armbruster,A"]
[Black "Sielecki,C"]
[Result "1/2-1/2"]
[WhiteElo "2376"]
[BlackElo "2382"]

1.d4 Nf6 2.c4 Nc6 3.Nf3 e6 4.g3 Bb4+ 5.Bd2 Qe7 6.Bg2 Bxd2+ 7.Nbxd2 d6 8.O-O a5
9.e4 e5 10.d5 Nb8 11.Ne1 h5 12.Nc2 h4  1/2-1/2

[Event "SFch-NED"]
[Site "Hilversum NED"]
[Date "2006.03.18"]
[Round "2.1"]
[White "Tondivar,B"]
[Black "Ernst,S"]
[Result "0-1"]
[WhiteElo "2357"]
[BlackElo "2478"]

1.d4 Nf6 2.c4 Nc6 3.Nf3 e6 4.Nc3 Bb4 5.Qc2 d6 6.Bg5 h6 7.Bd2 e5 8.d5 Bxc3
9.Bxc3 Ne7 10.e4 O-O 11.g3 Nh7 12.Nd2 f5 13.exf5 Bxf5 14.Bd3 Qd7 15.h4 b5
16.cxb5 Bxd3 17.Qxd3 Nf6 18.O-O Nfxd5 19.Ne4 Rf7 20.Rad1 Raf8 21.Rd2 Nxc3
22.Nxc3 Nf5 23.Ne2 Qe6 24.Qe4 Qxa2 25.Rc1 Qb3 26.Qc4 Qf3 27.Qd3 Nxh4  0-1

[Event "TCh-NED 2005-6"]
[Site "Netherlands NED"]
[Date "2006.03.25"]
[Round "8"]
[White "Peng Zhaoqin"]
[Black "Van Haastert,E"]
[Result "1-0"]
[WhiteElo "2407"]
[BlackElo "2408"]

1.d4 Nf6 2.c4 Nc6 3.Nf3 e6 4.e3 d5 5.Nc3 Bd6 6.c5 Be7 7.a3 O-O 8.b4 a6 9.Bd3 Re8
10.Qc2 Bf8 11.Bb2 e5 12.dxe5 Nxe5 13.Nxe5 Rxe5 14.O-O Rh5 15.Ne2 c6 16.Ng3 Rh6
17.Bd4 Nh5 18.Nxh5 Rxh5 19.f4 Qh4 20.h3 Rh6 21.f5 Qg5 22.Rf3 Be7 23.Re1 Bf6
24.Qf2 Bd7 25.e4 Bxd4 26.Qxd4 Qh4 27.Ree3 a5 28.Rg3 g6 29.Rg4 Qd8 30.e5 Be8
31.e6 fxe6 32.fxe6 Qe7 33.Qe5 axb4 34.axb4 Qg7 35.Qd6 g5 36.Re5 Rf6 37.Rexg5 Bg6
38.h4 Kh8 39.h5 Qh6 40.Qe5 Bxd3 41.e7  1-0